000 00395nam a22001697a 4500
003 MACL
005 20211001163425.0
008 211001b |||||||| |||| 00| 0 eng d
040 _cMACL
082 _a403
100 _aSingh,J.P.
_975233
245 _aThe Complete DICTIONARY OF DREAMS
260 _aDelhi
_bSahitya Surbhi
_c2018
300 _ap135
650 _aDictionary
942 _2ddc
_cBK
999 _c64476
_d64476